• Zappa Frank

di Personal Name

Records bibliografici associati: 1

001 - CONTROL NUMBER

  • control field: 5534

003 - CONTROL NUMBER IDENTIFIER

  • control field: IT-RoPau

005 - DATE AND TIME OF LATEST TRANSACTION

  • control field: 20131216150546.0

008 - FIXED-LENGTH DATA ELEMENTS

  • fixed length control field: 131216|| aca||aabn | a|a d

040 ## - CATALOGING SOURCE

  • Original cataloging agency: IT-RoPau
  • Transcribing agency: IT-RoPau

100 ## - HEADING--PERSONAL NAME

  • Personal name: Zappa Frank
  • Miscellaneous information: Codice interprete SPICS: 3375
  • Relator term: Interprete

670 ## - SOURCE DATA FOUND

  • Source citation: Work cat.: (IT-RoPau)101097: Zappa Frank 5531, Grand Wazoo (The)-Lp K 44209
CREDITS: SOCIETA' SAN PAOLO Via A.Severo, 58 - ROMA (RM) & PERIODICI SAN PAOLO SRL Via Giotto, 36 MILANO & CISF Via Giotto, 36 MILANO & EDIZIONI SAN PAOLO SRL,  Piazza Soncino, 5 CINISELLO BALSAMO (MI) -- ITALY